Statistics for World Map with 10 Extra Borders #7

Click here to take the quiz!

General Stats

  • This quiz has been taken 867 times
  • The average score is 7 of 10

Answer Stats

Country % Correct
Australia
98%
Russia
96%
Uruguay
91%
Botswana
86%
Japan
82%
Cameroon
70%
Laos
68%
Mexico
58%
Somalia
48%
Jordan
47%

Score Distribution

Percentile by Number Answered

Percent of People with Each Score

Your Score History

You have not taken this quiz